Methods in behavioral research
"Methods in Behavioral Research" is a concise introduction to research methods for psychology and behavioral science courses. It has been the best selling title in this course for at least fifteen years, and is considered by many to be the most student-friendly text for research methods -...
Đã lưu trong:
| Príomhúdar: | |
|---|---|
| Formáid: | Leabhar |
| Teanga: | Undetermined |
| Foilsithe: |
New York, NY
McGraw-Hill Higher Education
2007
|
| Ábhair: | |
| Clibeanna: |
Cuir Clib Leis
Gan Chlibeanna, Bí ar an gcéad duine leis an taifead seo a chlibeáil!
|
| Thư viện lưu trữ: | Trung tâm Học liệu Trường Đại học Cần Thơ |
|---|
| LEADER | 00915nam a2200217Ia 4500 | ||
|---|---|---|---|
| 001 | CTU_151090 | ||
| 008 | 210402s9999 xx 000 0 und d | ||
| 020 | |c 20.00 | ||
| 082 | |a 150.72 | ||
| 082 | |b C882 | ||
| 100 | |a Cozby, Paul C. | ||
| 245 | 0 | |a Methods in behavioral research | |
| 245 | 0 | |c Paul C. Cozby | |
| 260 | |a New York, NY | ||
| 260 | |b McGraw-Hill Higher Education | ||
| 260 | |c 2007 | ||
| 520 | |a "Methods in Behavioral Research" is a concise introduction to research methods for psychology and behavioral science courses. It has been the best selling title in this course for at least fifteen years, and is considered by many to be the most student-friendly text for research methods - the one that students will read | ||
| 650 | |a Psychology,Social sciences | ||
| 650 | |x Research,Methodology,Research,Methodology | ||
| 904 | |i Năm | ||
| 980 | |a Trung tâm Học liệu Trường Đại học Cần Thơ | ||